000 00364nam a2200109 4500
999 _c12443
_d12443
008 190125b ||||| |||| 00| 0 eng d
245 _aWorld bank official: China further opening-up to help maintain international trade system.
260 _aPhilippines
_bManila Bulletin
_cc2018
300 _apage 5.
650 0 _935089
_aInternational relations.
942 _2ddc
_cPER